00890nam a2200241 a 450000500170000000800410001701000140005802000260007203500130009803700150011104000180012608200190014410000170016324500690018026000580024930000230030750000510033065000330038165000330041494200330044799900170048095201510049720070323134202.0060906s2007 ii b 001 0 eng  aENG-92428 a9788179752319c400.00 aEN-75961 bDBAD / PUB adplbEnglish  a338.4791546104 aBisht, P.S.  aTourist resources and development in Himalayas /cby P.S. Bisht  aNew Delhi :bAnamika Publishers & Distributors,c2008 a165p. c23 cm (Hb) aIncludes bibliographical references and index  aTourismzIndiazUttarakhand. aTourismzHimalaya Mountains. 2ddccENmBISh338.4791546104 c20805d20805 00102ddc40718NFICaDBADbDBADd2009-01-09eDBAB / PUBg400.00l0o338.4791546104 BISpEN-75961r2009-01-09 00:00:00t1v400.00w2009-01-09yEN